000 00327nam a22001457a 4500
008 230414b ||||| |||| 00| 0 eng d
020 _a9780471849384
041 _aeng
080 _a615.83
082 _a615.83SMI
100 _a16
101 _aEGZM
245 _aPLANT RESISTANCE TO INSECTS
_cSMITH .M.C
942 _2udc
_cBK
999 _c59557
_d59557